[Event "Bundesliga B Mitte 2008/2009"]
[Site "Feffernitz"]
[Date "2008.11.29"]
[Round "3"]
[Board "2"]
[White "Gostisa, Leon"]
[Black "Ennsberger, Ulrich"]
[Result "1/2-1/2"]
[WhiteElo "2413"]
[BlackElo "2315"]
[PlyCount "72"]
[EventDate "2008.10.11"]
[EventType "team"]
[EventRounds "11"]
[EventCountry "AUT"]
[WhiteTeam "SV Raika Rapid Feffernitz"]
[BlackTeam "Schachgemeinschaft Voecklabruck"]

1.d4 Nf6 2.Nf3 c5 3.d5 g6 4.Nc3 Bg7 5.e4 d6 6.Bb5+ Nfd7 7.a4 Na6 8.O-O O-O 9.Re1
Nc7 10.Bf4 a6 11.Bf1 Rb8 12.a5 b5 13.axb6 Nxb6 14.h3 Nb5 15.Bxb5 axb5 16.e5 Nc4
17.Qe2 Nxe5 18.Nxe5 dxe5 19.Bxe5 Bxe5 20.Qxe5 Bf5 21.Ra7 Bxc2 22.Rxe7 Rb6 23.Rc7
c4 24.Rc6 b4 25.Ne4 Bxe4 26.Rxe4 Rb5 27.Rd6 Qc8 28.Qf4 c3 29.bxc3 Qxc3 30.Rc6
Qa1+ 31.Rc1 Qa2 32.Qh6 Qb2 33.d6 Rd5 34.Rh4 Qg7 35.Qxg7+ Kxg7 36.Rxb4 Rxd6

[Event "Bundesliga B Mitte 2008/2009"]
[Site "Feffernitz"]
[Date "2008.11.29"]
[Round "3"]
[Board "3"]
[White "Rolletschek, Heinrich"]
[Black "Jeric, Simon"]
[Result "1/2-1/2"]
[WhiteElo "2222"]
[BlackElo "2279"]
[PlyCount "124"]
[EventDate "2008.10.11"]
[EventType "team"]
[EventRounds "11"]
[EventCountry "AUT"]
[WhiteTeam "Schachgemeinschaft Voecklabruck"]
[BlackTeam "SV Raika Rapid Feffernitz"]

1.e4 e5 2.Nf3 Nc6 3.Bb5 Nge7 4.O-O a6 5.Ba4 g6 6.d4 exd4 7.Nxd4 Bg7 8.Be3 O-O
9.c4 d6 10.Nc3 Ne5 11.Bb3 c5 12.Nc2 Be6 13.Qe2 Qc7 14.h3 Rae8 15.Rad1 f5 16.f4
N5c6 17.Qd2 Rd8 18.Nd5 Bxd5 19.exd5 Na5 20.Ne1 b5 21.cxb5 axb5 22.Nf3 h6 23.Rc1
Nxb3 24.axb3 Qb7 25.Rfd1 Rfe8 26.Bf2 b4 27.Rc2 Kh7 28.Bh4 Ra8 29.Qd3 Ng8 30.Kh2
Re4 31.Re1 Rae8 32.Qd1 Nf6 33.Bxf6 Bxf6 34.g3 Rxe1 35.Nxe1 Bd4 36.Nf3 Qxd5
37.Rd2 Re4 38.h4 Kg7 39.Kh3 Kf7 40.Rd3 Ke7 41.Rd2 Re3 42.Nxd4 cxd4 43.Qc1 d3
44.Qc7+ Kf8 45.Qd8+ Kf7 46.Qc7+ Kf6 47.Qd8+ Re7 48.Qf8+ Rf7 49.Qb8 g5 50.fxg5+
hxg5 51.Qd8+ Ke6 52.Qe8+ Kf6 53.Qd8+ Ke5 54.Qxg5 Qh1+ 55.Rh2 Qf1+ 56.Rg2 d5
57.Qe3+ Kd6 58.Qb6+ Ke5 59.Qe3+ Kd6 60.Qb6+ Ke7 61.Qb7+ Ke6 62.Qb6+ Ke5

[Event "Bundesliga B Mitte 2008/2009"]
[Site "Feffernitz"]
[Date "2008.11.29"]
[Round "3"]
[Board "4"]
[White "Kavcic, Zan"]
[Black "Gneiss, Karl"]
[Result "1-0"]
[WhiteElo "2335"]
[BlackElo "2119"]
[PlyCount "51"]
[EventDate "2008.10.11"]
[EventType "team"]
[EventRounds "11"]
[EventCountry "AUT"]
[WhiteTeam "SV Raika Rapid Feffernitz"]
[BlackTeam "Schachgemeinschaft Voecklabruck"]

1.e4 c5 2.Nf3 g6 3.c3 Bg7 4.d4 cxd4 5.cxd4 d5 6.exd5 Nf6 7.Bb5+ Bd7 8.Bc4 O-O
9.O-O Na6 10.Nc3 Bg4 11.h3 Bxf3 12.Qxf3 Qb6 13.Re1 Rfd8 14.Bxa6 bxa6 15.Rxe7
Rac8 16.Re2 Ne8 17.Bg5 Rd7 18.Rae1 Nd6 19.Bf6 Bf8 20.Na4 Qb5 21.Nc5 Rdd8 22.Bxd8
Rxd8 23.Qf6 Qb6 24.Re7 Bg7 25.Qf4 Qb4 26.Nb7

[Event "Bundesliga B Mitte 2008/2009"]
[Site "Feffernitz"]
[Date "2008.11.29"]
[Round "3"]
[Board "5"]
[White "Mittendorfer, Josef"]
[Black "Reiss, Georg"]
[Result "1/2-1/2"]
[WhiteElo "2101"]
[BlackElo "2131"]
[PlyCount "176"]
[EventDate "2008.10.11"]
[EventType "team"]
[EventRounds "11"]
[EventCountry "AUT"]
[WhiteTeam "Schachgemeinschaft Voecklabruck"]
[BlackTeam "SV Raika Rapid Feffernitz"]

1.d4 Nf6 2.c4 g6 3.f3 Bg7 4.e4 d6 5.Nc3 O-O 6.Be3 e5 7.d5 Nbd7 8.Qd2 Ne8 9.g4
Ndf6 10.O-O-O h5 11.h3 a6 12.Kb1 Rb8 13.Ba7 Ra8 14.Be3 Kh7 15.f4 exf4 16.Bxf4
Kg8 17.g5 Nd7 18.Nf3 b6 19.Re1 Ne5 20.Nxe5 Bxe5 21.Bxe5 dxe5 22.Bd3 Nd6 23.Rhf1
Qe7 24.Rf3 f5 25.gxf6 Rxf6 26.Rxf6 Qxf6 27.Rf1 Qg7 28.Qg5 Bxh3 29.Rf6 Kh7 30.Be2
Nf7 31.Qh4 Bd7 32.Nd1 Nh6 33.Qg5 Nf7 34.Qh4 Kg8 35.Rf2 Nh6 36.Ne3 Kh7 37.Rg2 Qf7
38.Rf2 Qg7 39.Rg2 Qf8 40.Qg5 Qg8 41.Qxe5 Qe8 42.Qf4 Qe7 43.e5 Rf8 44.Qg3 Be8
45.Bd3 Rg8 46.Nc2 Ng4 47.e6 Qg7 48.Re2 Qe7 49.Ne3 Nxe3 50.Rxe3 a5 51.Qe5 Kh6
52.Rf3 Rg7 53.Rf6 Rg8 54.a3 Rg7 55.Qf4+ Kh7 56.Kc2 Ba4+ 57.Kc3 Be8 58.b4 axb4+
59.axb4 Rg8 60.Qd4 Rf8 61.Rxf8 Qxf8 62.c5 bxc5 63.bxc5 Qh6 64.Kc2 Qg5 65.d6 cxd6
66.cxd6 Qg2+ 67.Kc3 Qc6+ 68.Bc4 Qf3+ 69.Kd2 Qg2+ 70.Be2 Qg5+ 71.Kd1 Ba4+ 72.Qxa4
Qd5+ 73.Kc2 Qxe6 74.d7 Qxe2+ 75.Kc3 Qe3+ 76.Kc4 Qe4+ 77.Kb5 Qb7+ 78.Kc5 Qc7+
79.Qc6 Qa5+ 80.Kd6 Qb4+ 81.Kc7 Qa5+ 82.Kc8 Qf5 83.Kb8 Qe5+ 84.Qc7 Qb5+ 85.Qb7
Qe5+ 86.Kc8 Qc5+ 87.Qc7 Qf5 88.Kb8 Qb5+

[Event "Bundesliga B Mitte 2008/2009"]
[Site "Feffernitz"]
[Date "2008.11.29"]
[Round "3"]
[Board "1"]
[White "Meszaros, Tamas"]
[Black "Tratar, Marko"]
[Result "0-1"]
[WhiteElo "2434"]
[BlackElo "2497"]
[PlyCount "66"]
[EventDate "2008.10.11"]
[EventType "team"]
[EventRounds "11"]
[EventCountry "AUT"]
[WhiteTeam "RbEJ Volksbank Gleisdorf"]
[BlackTeam "Kl. Zeitung MPOE Maria Saal"]

1.e4 c5 2.Nf3 e6 3.d4 cxd4 4.Nxd4 a6 5.Nc3 b5 6.Be2 Bb7 7.Bf3 Nc6 8.Nxc6 Bxc6
9.O-O Qb8 10.e5 Qxe5 11.Bxc6 dxc6 12.Qf3 Ne7 13.Bf4 Qf5 14.g4 Qg6 15.a4 Rc8
16.axb5 axb5 17.Bg3 b4 18.Ne4 Nd5 19.Ra7 Be7 20.c4 bxc3 21.Nxc3 Bc5 22.Ne4 Bxa7
23.Nd6+ Kd7 24.Nxf7 Bd4 25.Nxh8 Rxh8 26.Qb3 e5 27.Qb7+ Nc7 28.Rd1 c5 29.h3 Qc6
30.Qb3 Qd5 31.Qa4+ Kc8 32.b4 c4 33.Qc2 Kb7

[Event "Bundesliga B Mitte 2008/2009"]
[Site "Feffernitz"]
[Date "2008.11.29"]
[Round "3"]
[Board "2"]
[White "Diermair, Andreas"]
[Black "Sandhu, Mario"]
[Result "0-1"]
[WhiteElo "2365"]
[BlackElo "2292"]
[PlyCount "124"]
[EventDate "2008.10.11"]
[EventType "team"]
[EventRounds "11"]
[EventCountry "AUT"]
[WhiteTeam "Kl. Zeitung MPOE Maria Saal"]
[BlackTeam "RbEJ Volksbank Gleisdorf"]

1.e4 c6 2.d4 d5 3.Nc3 g6 4.h3 Bg7 5.Nf3 Nf6 6.e5 Ne4 7.Nxe4 dxe4 8.Ng5 c5 9.Bc4
O-O 10.c3 cxd4 11.cxd4 b5 12.Bb3 Nc6 13.Be3 Qa5+ 14.Kf1 Bb7 15.h4 Rad8 16.h5
Nxe5 17.Nxh7 Rfe8 18.hxg6 Nxg6 19.Qh5 Rd6 20.Bf4 Red8 21.Bxd6 Rxd6 22.Qf5 e6
23.Nf6+ Kf8 24.Qc5 Qd8 25.Nh7+ Kg8 26.Qxa7 Ba6 27.Rc1 b4+ 28.Kg1 Nf4 29.Bd1 Bxd4
30.Qc7 Bxb2 31.Qxd8+ Rxd8 32.Rb1 Rd2 33.Rh4 Ng6 34.Rxe4 Kxh7 35.Rxb4 Bd4 36.Bf3
Bxf2+ 37.Kh2 Rxa2 38.R4b2 Rxb2 39.Rxb2 Bd4 40.Rb4 Be5+ 41.Kg1 Bd6 42.Ra4 Bd3
43.Kh1 Bc5 44.Ra5 Bd4 45.Ra3 Bc2 46.Ra2 Bb1 47.Ra6 Kh6 48.Ra5 e5 49.Rb5 Bd3
50.Rb7 f5 51.Rd7 Kg5 52.g3 Bb5 53.Rb7 Bf1 54.Rd7 Bd3 55.Rd5 Bc4 56.Ra5 Bb6
57.Ra4 Bd3 58.Kg2 e4 59.Bd1 e3 60.Ra2 Ne5 61.Rb2 Bd4 62.Ra2 Bc4

[Event "Bundesliga B Mitte 2008/2009"]
[Site "Feffernitz"]
[Date "2008.11.29"]
[Round "3"]
[Board "3"]
[White "Horvath, Sandor"]
[Black "Schachinger, Mario"]
[Result "1/2-1/2"]
[WhiteElo "2297"]
[BlackElo "2336"]
[PlyCount "73"]
[EventDate "2008.10.11"]
[EventType "team"]
[EventRounds "11"]
[EventCountry "AUT"]
[WhiteTeam "RbEJ Volksbank Gleisdorf"]
[BlackTeam "Kl. Zeitung MPOE Maria Saal"]

1.e4 e5 2.Nf3 Nc6 3.Nc3 Nf6 4.d4 exd4 5.Nxd4 Bb4 6.Nxc6 bxc6 7.Bd3 d5 8.exd5
cxd5 9.O-O O-O 10.Bg5 Be7 11.Bxf6 Bxf6 12.Qh5 g6 13.Qxd5 Rb8 14.Rab1 Bxc3
15.Qxd8 Rxd8 16.bxc3 Be6 17.c4 Rb6 18.c5 Rxb1 19.Rxb1 Bxa2 20.Ra1 Bd5 21.Rxa7
Ra8 22.Rxa8+ Bxa8 23.f3 Bc6 24.Kf2 Kf8 25.Ke3 Ke7 26.h4 h6 27.Be4 Be8 28.f4 f6
29.Kd4 Bf7 30.Bd5 Be8 31.g4 g5 32.fxg5 fxg5 33.hxg5 hxg5 34.Ke5 Bd7 35.Bf3 Be6
36.Be2 Bc8 37.Bf3

[Event "Bundesliga B Mitte 2008/2009"]
[Site "Feffernitz"]
[Date "2008.11.29"]
[Round "3"]
[Board "4"]
[White "Horvath, Gabor"]
[Black "Perhinig, Robert"]
[Result "1-0"]
[WhiteElo "2277"]
[BlackElo "2300"]
[PlyCount "71"]
[EventDate "2008.10.11"]
[EventType "team"]
[EventRounds "11"]
[EventCountry "AUT"]
[WhiteTeam "Kl. Zeitung MPOE Maria Saal"]
[BlackTeam "RbEJ Volksbank Gleisdorf"]

1.e4 e6 2.d3 d5 3.Nd2 Nf6 4.Ngf3 Be7 5.g3 O-O 6.Bg2 c5 7.O-O Nc6 8.e5 Nd7 9.Re1
Qc7 10.Qe2 b5 11.Nf1 a5 12.h4 Ba6 13.Bf4 c4 14.Ne3 Nc5 15.Ng4 b4 16.Nf6+ gxf6
17.exf6 cxd3 18.Qd2 Qd8 19.Bc7 Bxf6 20.Bxd8 Rfxd8 21.Qh6 Bg7 22.Qh5 dxc2 23.Ng5
h6 24.Qxf7+ Kh8 25.Nxe6 Nxe6 26.Qxe6 Nd4 27.Qg4 Rac8 28.Rac1 Re8 29.Rxe8+ Rxe8
30.Bf1 Re4 31.Qh5 Re5 32.Qf7 Be2 33.f4 Re3 34.Kg2 a4 35.f5 Be5 36.Qe8+

[Event "Bundesliga B Mitte 2008/2009"]
[Site "Feffernitz"]
[Date "2008.11.29"]
[Round "3"]
[Board "5"]
[White "Wanderer, Thomas"]
[Black "Reschun, Sascha"]
[Result "1/2-1/2"]
[WhiteElo "2235"]
[BlackElo "2246"]
[PlyCount "29"]
[EventDate "2008.10.11"]
[EventType "team"]
[EventRounds "11"]
[EventCountry "AUT"]
[WhiteTeam "RbEJ Volksbank Gleisdorf"]
[BlackTeam "Kl. Zeitung MPOE Maria Saal"]

1.e4 e6 2.d3 d5 3.Nd2 Nf6 4.Ngf3 Bc5 5.Be2 dxe4 6.dxe4 e5 7.O-O Qe7 8.c3 a5 9.a4
O-O 10.Qc2 b6 11.h3 Bb7 12.Re1 Nbd7 13.Bc4 Nh5 14.Nf1 Kh8 15.Bg5

[Event "Bundesliga B Mitte 2008/2009"]
[Site "Feffernitz"]
[Date "2008.11.29"]
[Round "3"]
[Board "1"]
[White "Horvath, Csaba"]
[Black "Stevic, Hrvoje"]
[Result "1/2-1/2"]
[WhiteElo "2518"]
[BlackElo "2592"]
[PlyCount "37"]
[EventDate "2008.10.11"]
[EventType "team"]
[EventRounds "11"]
[EventCountry "AUT"]
[WhiteTeam "SC Die Klagenfurter"]
[BlackTeam "ZH- Technologies Wolfsberg"]

1.d4 d5 2.Nf3 Nf6 3.c4 dxc4 4.e3 e6 5.Bxc4 c5 6.O-O a6 7.b3 b5 8.Be2 Bb7 9.Bb2
Nbd7 10.a4 bxa4 11.Rxa4 Be7 12.Nbd2 O-O 13.Nc4 Bc6 14.Ra1 Bb5 15.dxc5 Nxc5
16.Nd4 Rc8 17.Rc1 Nd5 18.Nxb5 axb5 19.Ne5

[Event "Bundesliga B Mitte 2008/2009"]
[Site "Feffernitz"]
[Date "2008.11.29"]
[Round "3"]
[Board "2"]
[White "Jovanovic, Zoran"]
[Black "Horvath, Jozsef"]
[Result "1/2-1/2"]
[WhiteElo "2558"]
[BlackElo "2542"]
[PlyCount "43"]
[EventDate "2008.10.11"]
[EventType "team"]
[EventRounds "11"]
[EventCountry "AUT"]
[WhiteTeam "ZH- Technologies Wolfsberg"]
[BlackTeam "SC Die Klagenfurter"]

1.e4 c6 2.Nc3 d5 3.Nf3 Bg4 4.h3 Bxf3 5.Qxf3 Nf6 6.Be2 e6 7.O-O Nbd7 8.d4 dxe4
9.Nxe4 Nxe4 10.Qxe4 Nf6 11.Qd3 Be7 12.Rd1 O-O 13.Qb3 Qb6 14.c4 Rfd8 15.Be3 Qxb3
16.axb3 a6 17.Rd3 Rd7 18.Rad1 Rad8 19.g4 Ne8 20.Kf1 Nc7 21.Bf3 g6 22.Ke2

[Event "Bundesliga B Mitte 2008/2009"]
[Site "Feffernitz"]
[Date "2008.11.29"]
[Round "3"]
[Board "3"]
[White "Pilaj, Herwig"]
[Black "Mikac, Matjaz"]
[Result "1/2-1/2"]
[WhiteElo "2393"]
[BlackElo "2394"]
[PlyCount "35"]
[EventDate "2008.10.11"]
[EventType "team"]
[EventRounds "11"]
[EventCountry "AUT"]
[WhiteTeam "SC Die Klagenfurter"]
[BlackTeam "ZH- Technologies Wolfsberg"]

1.d4 Nf6 2.Nf3 e6 3.c4 d5 4.Nc3 Bb4 5.Qa4+ Nc6 6.cxd5 exd5 7.Bg5 h6 8.Bxf6 Qxf6
9.e3 O-O 10.Be2 a6 11.O-O Be6 12.Qb3 Bd6 13.Rac1 Ne7 14.Na4 c6 15.Nc5 Bxc5
16.Rxc5 Bg4 17.Re1 Bxf3 18.Bxf3

[Event "Bundesliga B Mitte 2008/2009"]
[Site "Feffernitz"]
[Date "2008.11.29"]
[Round "3"]
[Board "4"]
[White "Kaspret, Guido"]
[Black "Genser, Harald"]
[Result "1-0"]
[WhiteElo "2338"]
[BlackElo "2314"]
[PlyCount "115"]
[EventDate "2008.10.11"]
[EventType "team"]
[EventRounds "11"]
[EventCountry "AUT"]
[WhiteTeam "ZH- Technologies Wolfsberg"]
[BlackTeam "SC Die Klagenfurter"]

1.c4 e6 2.Nf3 d5 3.g3 dxc4 4.Qa4+ c6 5.Qxc4 b5 6.Qc2 Bb7 7.Bg2 Nd7 8.O-O c5 9.a4
a6 10.Nc3 Qb6 11.d3 Ngf6 12.e4 Be7 13.h3 O-O 14.Be3 b4 15.a5 Qc7 16.Ne2 Rac8
17.Rfc1 Qb8 18.Nd2 Rfd8 19.Nc4 Ne8 20.f4 Nd6 21.Nxd6 Bxd6 22.Kh1 Be7 23.Ng1 Bc6
24.Nf3 Bb5 25.Nd2 e5 26.Nc4 Bf6 27.f5 Rc6 28.g4 h6 29.Qf2 Bg5 30.Bxg5 hxg5
31.Qe3 Bxc4 32.Rxc4 f6 33.Bf1 Qd6 34.Be2 Kf7 35.Kg2 Rh8 36.Bd1 Ke7 37.Ba4 Rc7
38.Rac1 Rhc8 39.Kf2 Nb8 40.Kg3 Nd7 41.Kf2 Nb8 42.Ke1 Kd8 43.Kd2 Ke7 44.h4 gxh4
45.g5 fxg5 46.Rg1 Rh8 47.Qxg5+ Qf6 48.Qe3 Qh6 49.Qxh6 Rxh6 50.Rxg7+ Kd6 51.Rxc7
Kxc7 52.Rxc5+ Kb7 53.Rxe5 h3 54.Re7+ Kc8 55.f6 h2 56.f7 Rf6 57.Re8+ Kc7 58.Rh8

[Event "Bundesliga B Mitte 2008/2009"]
[Site "Feffernitz"]
[Date "2008.11.29"]
[Round "3"]
[Board "5"]
[White "Petschar, Kurt"]
[Black "Wegerer, Fred"]
[Result "1/2-1/2"]
[WhiteElo "2267"]
[BlackElo "2239"]
[PlyCount "82"]
[EventDate "2008.10.11"]
[EventType "team"]
[EventRounds "11"]
[EventCountry "AUT"]
[WhiteTeam "SC Die Klagenfurter"]
[BlackTeam "ZH- Technologies Wolfsberg"]

1.e4 c6 2.d4 d5 3.exd5 cxd5 4.c4 Nf6 5.Nc3 g6 6.Qb3 Bg7 7.cxd5 O-O 8.Be2 Na6
9.Bf3 Nc7 10.Bf4 Qd7 11.Qc4 Nce8 12.Nge2 Nd6 13.Qb3 b6 14.O-O Ba6 15.Rfe1 Rfd8
16.Rac1 Bc4 17.Qd1 Rac8 18.b3 Ba6 19.Bg5 Rc7 20.a4 Rdc8 21.Na2 Qf5 22.Rxc7 Rxc7
23.Bxf6 Qxf6 24.Nb4 Bxe2 25.Qxe2 Rc3 26.Nc6 Nf5 27.Qe5 Bf8 28.Qxf6 exf6 29.Bg4
Nd6 30.Bd1 a5 31.g3 Rd3 32.Kf1 Rd2 33.Bf3 Nf5 34.Rd1 Rb2 35.Rd3 Ba3 36.Na7 Nd6
37.h4 f5 38.Nb5 Nxb5 39.axb5 Bb4 40.d6 Bxd6 41.Rc3 Bb4

[Event "Bundesliga B Mitte 2008/2009"]
[Site "Feffernitz"]
[Date "2008.11.29"]
[Round "3"]
[Board "6"]
[White "Waldmann, Gerald"]
[Black "Titz, Heimo"]
[Result "0-1"]
[WhiteElo "2188"]
[BlackElo "2216"]
[PlyCount "88"]
[EventDate "2008.10.11"]
[EventType "team"]
[EventRounds "11"]
[EventCountry "AUT"]
[WhiteTeam "ZH- Technologies Wolfsberg"]
[BlackTeam "SC Die Klagenfurter"]

1.e4 c5 2.Nf3 Nc6 3.d4 cxd4 4.Nxd4 Nf6 5.Nc3 d6 6.f4 e5 7.Nf3 Be7 8.Bd3 O-O
9.O-O exf4 10.Kh1 Ne5 11.Bxf4 Ng6 12.Bg5 h6 13.Bd2 Ne5 14.Qe1 Nxd3 15.cxd3 Be6
16.Nd4 Qd7 17.Nf5 Kh7 18.Qe3 Ng8 19.Qg3 Bf6 20.Nd1 d5 21.Bb4 dxe4 22.dxe4 Qb5
23.Qe1 Rfd8 24.Nde3 Qd3 25.Qb1 Rac8 26.Rd1 Qxb1 27.Rdxb1 Rd3 28.Ng4 Rc4 29.Nxf6+
Nxf6 30.Be1 Nxe4 31.Ng3 Nxg3+ 32.hxg3 Rc2 33.Rd1 Rxd1 34.Rxd1 Rxb2 35.a3 Bf5
36.Bd2 Bg4 37.Bc1 Rb3 38.Rd4 Rxg3 39.Kh2 Rc3 40.Bd2 Rc2 41.Bxh6 Kxh6 42.Rxg4 Rc3
43.Ra4 a6 44.Rb4 b5

[Event "Bundesliga B Mitte 2008/2009"]
[Site "Feffernitz"]
[Date "2008.11.29"]
[Round "3"]
[Board "2"]
[White "Manca, Federico"]
[Black "Hatzl, Stefan"]
[Result "1-0"]
[WhiteElo "2373"]
[BlackElo "2148"]
[PlyCount "85"]
[EventDate "2008.10.11"]
[EventType "team"]
[EventRounds "11"]
[EventCountry "AUT"]
[WhiteTeam "SK Leoben"]
[BlackTeam "Union Styria Kleine Zeitung Graz"]

1.e4 e6 2.d4 d5 3.Nc3 Nf6 4.Bg5 Bb4 5.e5 h6 6.Bd2 Bxc3 7.bxc3 Ne4 8.Qg4 Kf8
9.Bc1 c5 10.Bd3 Nxc3 11.dxc5 Nc6 12.Nf3 f5 13.Qh3 Ne4 14.O-O Kf7 15.c4 Nxc5
16.cxd5 Qxd5 17.Be2 Nd4 18.Nxd4 Qxd4 19.Qg3 Qd8 20.Bh5+ Kg8 21.Rd1 Qe7 22.Ba3 b6
23.h4 Bd7 24.Rac1 Be8 25.Bxe8 Rxe8 26.Bxc5 bxc5 27.Qg6 h5 28.Rd6 Rh6 29.Qg5 Qb7
30.Rxc5 Kf7 31.Rdc6 Re7 32.Qxe7+ Qxe7 33.Rc7 Rg6 34.f3 f4 35.Rxe7+ Kxe7 36.Rc7+
Kd8 37.Rxa7 Rg3 38.Ra8+ Kd7 39.Rg8 Kc6 40.Rd8 Kc5 41.Rh8 g6 42.a4 Kb4 43.Rf8

[Event "Bundesliga B Mitte 2008/2009"]
[Site "Feffernitz"]
[Date "2008.11.29"]
[Round "3"]
[Board "3"]
[White "Spirk, Stefan"]
[Black "Dietmayer-Kraeutler, Marco"]
[Result "0-1"]
[WhiteElo "2128"]
[BlackElo "2302"]
[PlyCount "116"]
[EventDate "2008.10.11"]
[EventType "team"]
[EventRounds "11"]
[EventCountry "AUT"]
[WhiteTeam "Union Styria Kleine Zeitung Graz"]
[BlackTeam "SK Leoben"]

1.c4 e6 2.g3 Nf6 3.Bg2 d5 4.Nf3 Nbd7 5.d4 dxc4 6.Qa4 a6 7.Qxc4 b5 8.Qc2 Bb7
9.Bg5 h6 10.Bxf6 Nxf6 11.O-O Rc8 12.Rd1 Be4 13.Qc1 Be7 14.Nbd2 Bd5 15.Nb3 O-O
16.Nc5 a5 17.Qc2 Ba8 18.Ne5 Nd5 19.Rac1 Bd6 20.e4 Nb4 21.Qe2 Nxa2 22.Ra1 Bxe5
23.dxe5 Qe7 24.Nd7 Rfd8 25.Qxb5 Nb4 26.Nc5 Nc6 27.Nd3 Rd4 28.Rac1 Rcd8 29.Bf1
Nb4 30.Be2 Bxe4 31.Nxb4 Rxd1+ 32.Rxd1 Rxd1+ 33.Bxd1 Qxb4 34.Qe2 Qd4 35.Bc2 Bxc2
36.Qxc2 Qxe5 37.Qc6 g6 38.b3 Kg7 39.h4 h5 40.Qf3 c5 41.Qd3 Qd4 42.Qc2 Kf6 43.Qc1
Ke7 44.Qe1 a4 45.bxa4 Qxa4 46.Qe5 Qd1+ 47.Kh2 Qd4 48.Qc7+ Kf6 49.f4 c4 50.Kh3 c3
51.Kg2 Qe4+ 52.Kf2 Qd4+ 53.Kg2 Kg7 54.Kf3 Qd3+ 55.Kf2 Qd2+ 56.Kf3 Qe1 57.Qc4
Qd1+ 58.Qe2 c2

[Event "Bundesliga B Mitte 2008/2009"]
[Site "Feffernitz"]
[Date "2008.11.29"]
[Round "3"]
[Board "4"]
[White "Binder, Michael"]
[Black "Frank, Paul"]
[Result "1/2-1/2"]
[WhiteElo "2170"]
[BlackElo "2249"]
[PlyCount "92"]
[EventDate "2008.10.11"]
[EventType "team"]
[EventRounds "11"]
[EventCountry "AUT"]
[WhiteTeam "SK Leoben"]
[BlackTeam "Union Styria Kleine Zeitung Graz"]

1.d4 Nf6 2.c4 g6 3.Nf3 Bg7 4.g3 O-O 5.Bg2 d5 6.cxd5 Nxd5 7.O-O Nc6 8.Nc3 Nb6
9.d5 Na5 10.e4 c6 11.dxc6 Nxc6 12.Qe2 Bg4 13.Be3 Nd4 14.Bxd4 Bxf3 15.Bxf3 Qxd4
16.Rfd1 Qb4 17.Rac1 Bxc3 18.Rxc3 Rac8 19.Rb3 Qc4 20.Qxc4 Rxc4 21.Ra3 Rc2 22.Rxa7
Rxb2 23.Rxb7 Ra8 24.Ra1 Ra3 25.Bd1 e6 26.Kg2 Kg7 27.Bb3 Nc4 28.Re1 Ne5 29.Rc7
Kf6 30.Re3 g5 31.Rec3 g4 32.Rc2 Rb1 33.Rc1 Rxc1 34.Rxc1 Nd3 35.Rc4 Ra8 36.Kf1
Ne5 37.Rc5 Rd8 38.Rc1 Rd2 39.Rd1 Rb2 40.Kg2 h5 41.Rf1 Nf3 42.h3 Ng5 43.hxg4 hxg4
44.Bd1 Rxa2 45.Bxg4 Nxe4 46.Bf3 Nd2

[Event "Bundesliga B Mitte 2008/2009"]
[Site "Feffernitz"]
[Date "2008.11.29"]
[Round "3"]
[Board "5"]
[White "Manhardt, Thomas"]
[Black "Sachsenhofer, Michael"]
[Result "1/2-1/2"]
[WhiteElo "2141"]
[BlackElo "2113"]
[PlyCount "44"]
[EventDate "2008.10.11"]
[EventType "team"]
[EventRounds "11"]
[EventCountry "AUT"]
[WhiteTeam "Union Styria Kleine Zeitung Graz"]
[BlackTeam "SK Leoben"]

1.e4 c6 2.c4 d5 3.cxd5 cxd5 4.exd5 Nf6 5.Nc3 Nxd5 6.d4 e6 7.Nf3 Nc6 8.Bd3 Be7
9.O-O O-O 10.Be3 Bf6 11.Ne4 h6 12.Rc1 Bd7 13.a3 Nce7 14.Bb1 Bb5 15.Re1 b6 16.a4
Ba6 17.b4 Nf5 18.Nxf6+ Qxf6 19.Ne5 Rfc8 20.b5 Bb7 21.Qd3 Ndxe3 22.Rxc8+ Rxc8

[Event "Bundesliga B Mitte 2008/2009"]
[Site "Feffernitz"]
[Date "2008.11.29"]
[Round "3"]
[Board "1"]
[White "Galyas, Miklos"]
[Black "Skoberne, Jure"]
[Result "0-1"]
[WhiteElo "2456"]
[BlackElo "2489"]
[PlyCount "80"]
[EventDate "2008.10.11"]
[EventType "team"]
[EventRounds "11"]
[EventCountry "AUT"]
[WhiteTeam "ASK St. Valentin"]
[BlackTeam "ESV Austria Graz"]

1.d4 d5 2.c4 c6 3.Nc3 Nf6 4.e3 a6 5.Nf3 b5 6.b3 Bg4 7.Bd2 e6 8.h3 Bh5 9.g4 Bg6
10.Ne5 Bd6 11.Nxg6 hxg6 12.Bg2 Nbd7 13.O-O b4 14.Na4 Ne4 15.f4 g5 16.Rc1 Ndf6
17.cxd5 cxd5 18.Nc5 Bxc5 19.dxc5 a5 20.Be1 Qc7 21.Qd4 O-O 22.fxg5 Nxg5 23.Rxf6
gxf6 24.Qxf6 Nh7 25.Qh6 Qe5 26.Bh4 a4 27.Rf1 axb3 28.axb3 Ra1 29.Qf4 Rxf1+
30.Bxf1 Qc3 31.Be7 Ra8 32.g5 Qxb3 33.c6 Qc3 34.c7 e5 35.Qg3 Qxc7 36.Bxb4 Ra4
37.Be1 Ra1 38.g6 Nf6 39.Bd3 Qc3 40.gxf7+ Kf8

[Event "Bundesliga B Mitte 2008/2009"]
[Site "Feffernitz"]
[Date "2008.11.29"]
[Round "3"]
[Board "2"]
[White "Sakelsek, Tadej"]
[Black "Sandhoefner, Florian"]
[Result "1-0"]
[WhiteElo "2403"]
[BlackElo "2246"]
[PlyCount "53"]
[EventDate "2008.10.11"]
[EventType "team"]
[EventRounds "11"]
[EventCountry "AUT"]
[WhiteTeam "ESV Austria Graz"]
[BlackTeam "ASK St. Valentin"]

1.e4 c5 2.Nf3 d6 3.d4 cxd4 4.Nxd4 Nf6 5.Nc3 a6 6.Be3 e6 7.g4 e5 8.Nf5 g6 9.g5
gxf5 10.exf5 d5 11.gxf6 d4 12.Bc4 Qc7 13.Qe2 dxc3 14.O-O-O cxb2+ 15.Kb1 Bxf5
16.Bb6 Qxb6 17.Qxe5+ Be6 18.Bxe6 Qxe6 19.Qc7 Nd7 20.Rhe1 Nxf6 21.Rxe6+ fxe6
22.Re1 Be7 23.Rxe6 Ng8 24.Qe5 Kf7 25.Rb6 Nf6 26.Qe6+ Kf8 27.Rxb7

[Event "Bundesliga B Mitte 2008/2009"]
[Site "Feffernitz"]
[Date "2008.11.29"]
[Round "3"]
[Board "4"]
[White "Aschenbrenner, Robert"]
[Black "Heimberger, Reinhard"]
[Result "1-0"]
[WhiteElo "2261"]
[BlackElo "2256"]
[PlyCount "59"]
[EventDate "2008.10.11"]
[EventType "team"]
[EventRounds "11"]
[EventCountry "AUT"]
[WhiteTeam "ESV Austria Graz"]
[BlackTeam "ASK St. Valentin"]

1.e4 c5 2.Nc3 Nc6 3.Bb5 d6 4.Bxc6+ bxc6 5.f4 g6 6.Nf3 Bg7 7.O-O Nf6 8.d3 O-O
9.Qe1 Nd7 10.e5 Nb6 11.Ne4 Bf5 12.Bd2 c4 13.Ng3 Bg4 14.d4 Bxf3 15.Rxf3 dxe5
16.dxe5 Qd4+ 17.Qf2 Qxb2 18.Bc3 Qb5 19.Ne4 Rad8 20.Qh4 Na4 21.Rh3 h6 22.Nf6+
exf6 23.exf6 Nxc3 24.fxg7 Ne2+ 25.Kh1 Kxg7 26.Qxh6+ Kf6 27.Qh4+ Kf5 28.Re3 f6
29.Rf1 Ng3+ 30.hxg3

[Event "Bundesliga B Mitte 2008/2009"]
[Site "Feffernitz"]
[Date "2008.11.29"]
[Round "3"]
[Board "5"]
[White "Trauner, Rudolf"]
[Black "Ebner, Hubert"]
[Result "1/2-1/2"]
[WhiteElo "2213"]
[BlackElo "2214"]
[PlyCount "51"]
[EventDate "2008.10.11"]
[EventType "team"]
[EventRounds "11"]
[EventCountry "AUT"]
[WhiteTeam "ASK St. Valentin"]
[BlackTeam "ESV Austria Graz"]

1.c4 g6 2.Nc3 Bg7 3.g3 c5 4.Bg2 Nc6 5.Nf3 d6 6.O-O Nh6 7.d4 cxd4 8.Bxh6 Bxh6
9.Nxd4 Bd7 10.e3 O-O 11.Rc1 Nxd4 12.Qxd4 Bg7 13.Qd2 Bc6 14.Rfd1 Qb6 15.Nd5 Bxd5
16.Bxd5 a5 17.b3 Rfc8 18.Qd3 Rc7 19.h4 a4 20.h5 axb3 21.axb3 Kf8 22.hxg6 hxg6
23.Kg2 Ra3 24.Rb1 Qb4 25.Rh1 Qc3 26.Qxc3

[Event "Bundesliga B Mitte 2008/2009"]
[Site "Feffernitz"]
[Date "2008.11.29"]
[Round "3"]
[Board "6"]
[White "Loebler, Heimo"]
[Black "Petroczi, Thomas"]
[Result "0-1"]
[WhiteElo "2237"]
[BlackElo "2174"]
[PlyCount "136"]
[EventDate "2008.10.11"]
[EventType "team"]
[EventRounds "11"]
[EventCountry "AUT"]
[WhiteTeam "ESV Austria Graz"]
[BlackTeam "ASK St. Valentin"]

1.d4 Nf6 2.c4 e6 3.Nc3 Bb4 4.Qc2 d5 5.cxd5 exd5 6.Bg5 O-O 7.e3 c6 8.Bd3 h6 9.Bh4
Re8 10.Nge2 Nbd7 11.O-O Nf8 12.a3 Bd6 13.Bg3 Bxg3 14.Nxg3 Be6 15.b4 a6 16.a4 Qd6
17.Na2 N8d7 18.f4 Nb6 19.Rfe1 Bd7 20.Qc5 Nc8 21.Nc1 b6 22.Qc3 Qb8 23.Bf5 Qb7
24.Bxd7 Nxd7 25.Nd3 Nd6 26.Ne5 Nxe5 27.fxe5 Nc4 28.Rf1 a5 29.e4 axb4 30.Qxb4 Qe7
31.Qc3 Ra7 32.exd5 cxd5 33.Ra2 Rea8 34.Qb3 Qg5 35.Rfa1 Qf4 36.Ne2 Qe4 37.Qf3
Qxf3 38.gxf3 b5 39.Nc3 b4 40.Nxd5 b3 41.Rf2 b2 42.Rd1 Rxa4 43.Nc3 Ra1 44.Nb1 Rb8
45.f4 Kf8 46.Re2 Na3 47.Ree1 Nc2 48.Re4 Rb4 49.Kg2 Na3 50.Ree1 Nxb1 51.Rxb1 Rxb1
52.Rxb1 Rxd4 53.Rxb2 Rxf4 54.Kg3 Rf5 55.e6 fxe6 56.Rb7 Rf7 57.Rb6 Ke7 58.h4 Rf5
59.Ra6 Kf6 60.Rb6 Ra5 61.Kf4 Ra4+ 62.Kg3 h5 63.Rc6 Rg4+ 64.Kh3 g6 65.Ra6 Kf7
66.Rb6 e5 67.Rb5 Kf6 68.Rb4 e4